Géographie de l'Europe par lettre - F - Statistiques

Statistiques générales
  • Ce quiz a été pris 423 fois
  • Le résultat moyen est 9 sur 20
Statistiques - réponses
Indice Réponse % Correct
Contrairement à une idée reçue, ce pays nordique n'est pas scandinave Finlande
98%
Ville allemande, siège de la banque centrale européenne Francfort-sur-le-Main
96%
Formations géologiques, celles d'Étretat et de Douvres sont célèbres Falaises
86%
Archipel autonome du Danemark Îles {Féroé}
82%
Capitale de la Toscane Florence
78%
Région néerlandophone de Belgique Flandre
76%
Forme d'organisation politique, la Russie en est une Fédération
66%
Petite ville de l'Essonne, connue pour son importante maison d'arrêt Fleury-Mérogis
48%
Centrale nucléaire alsacienne fermée en 2020 Fessenheim
47%
Région historique et culturelle de l'est de la France Franche-Comté
44%
Capitale de Madère Funchal
33%
Lieu de pèlerinage catholique portugais Fátima
26%
Canton suisse bilingue Fribourg
26%
Île des Canaries Fuerteventura
21%
Région du nord-est de l'Italie, ayant Udine pour ville principale Frioul
17%
Sommet qui surplombe Toulon, à l'emblématique téléphérique Mont {Faron}
13%
Région historique et culturelle partagée entre les Pays-Bas et l'Allemagne Frise
11%
Nom italien de Rijeka, en Croatie Fiume
5%
Comté le plus septentrional de Norvège Finnmark
3%
Point culminant de la Forêt-Noire Feldberg
2%
Aucun quiz correspondant
Distribution des résultats
% des personnes avec chaque résultat
Percentile par nombre de réponses
Votre historique - résultats
Vous n’avez pas pris ce quiz